000 006920000a22002770004500
003 LK-CoMWRAF
008 230817t ||||| |||| 00| 0 eng d
020 _a9679963349
040 _aLK-CoMWRAF
_dLK-CoMWRAF
_eLK-CoMWRAF
041 _aeng
082 _a160
_bDOI
100 _aRahman.I.Abdur
245 _aWomen In Shariah
_bIslamic Law
250 _a4th.ed
260 _aMalaysia
_bA.S Noordeen
_c1992
300 _ap.217
500 _abBibliography
650 _aDivorce-Muslim law
650 _aFamily Planning in Islam
650 _aFeminism in the Muslim World
650 _aMUslim Law
650 _aPolygamy
650 _aWomen & Islam
650 _aZina
942 _cBK
999 _c3170
_d3170